00338nam a2200121Ia 4500008004100000245007700041260001700118260000900135300000800144650002300152650001200175856002900187170516s9999 xx 000 0 und d aGenerating Cell Targeting Aptamers for Nanotheranostics Using Cell-SELEX bTheranostics c2016 a6:9 xMedical Technology xMedtech uhttp://www.thno.org/v6i9